Telecommunications (Record no. 7116)
[ view plain ]
| 000 -LEADER | |
|---|---|
| fixed length control field | 00985nam a22001457a 4500 |
| 020 ## - INTERNATIONAL STANDARD BOOK NUMBER | |
| ISBN | 8123909837 |
| 050 ## - CALL NUMBER | |
| Classification number | TK5105 |
| Item number | .G756 |
| 100 ## - AUTHOR | |
| Personal name | Fraser W. |
| 245 ## - TITLE | |
| Title | Telecommunications |
| Statement of responsibility, etc | Fraser W. |
| 260 ## - PUBLICATION INFORMATION | |
| Place of publication | New Delhi |
| Name of publisher | CBS Publication & Distribution |
| Year of publication | 2003 |
| 300 ## - DESCRIPTION | |
| Number of Pages | xii,803p. |
| Dimensions | 24cm. |
| 500 ## - NOTES | |
| General note | Includes index. |
| 505 ## - FORMATTED CONTENTS NOTE | |
| Table of Content | 1. Introduction<br/>2. Network Theorems<br/>3. Circuit theory<br/>4. Transmission line<br/>5. Attenuators and filters<br/>6. Thermionic valves<br/>7. Semiconductor Devices<br/>8. Low- frequency amplifiers<br/>9. Distorition and feedback in amplifiers<br/>10. High- frequency amplifiers<br/>11. Oscillator circuits <br/>11. Modulation<br/>13. Modulation, demodulation, and detection circuits <br/>14. Noise<br/>15. The transmission of information<br/>16. Microphones and sound reproducers<br/>17.Telephony<br/>18. Telegraphy<br/>19. High - Frequency transmission lines and wave guide<br/>20. Ultra- High- frequency devices<br/>21. Radio wave propagation and aerials<br/>22. Radio transmission systems<br/> |
| 942 ## - ADDED ENTRY ELEMENTS (KOHA) | |
| Koha item type | Books |
| Withdrawn status | Lost status | Collection code | Home library | Current library | Shelving location | Date acquired | Full call number | Accession Number | Koha item type |
|---|---|---|---|---|---|---|---|---|---|
| Reference | Methodist University Library Main | Methodist University Library Main | General Stacks | TK5105 .G756 | 29400 | Books |